000 00799nam a2200253Ia 4500
003 OSt
005 20221005063921.0
006 a|||||r|||| 00| 0
007 ta
008 221004b |||||||| |||| 00| 0 eng d
020 _a9788178298795 (pbk)
_c295
024 _a95866
037 _b6267, 24/03/2009, Atlantic Publisher & Dist. Pvt Ltd.
_cTextual
040 _aCRL
_cCRL
_beng
041 _2eng
_aeng
082 _aKZ541, P8
100 _aKarlekar Hiranmay
245 0 _aSavage humans and stray dogs
_b A study in aggression
260 _aLos
_bAngeles Sage USA
_c2008
300 _axiv,275p.
_ccm.
650 _aLIVESTOCK INDUSTRY
942 _hKZ541, P8
_cTEXL
_2cc
999 _c972116
_d972116